00397nam a2200109Ia 4500008004100000100003000041245008200071260002500153300002000178650001100198856007800209160712s9999 xx 000 0 und d aSubido, Grace Celeste T.  cGrace Celeste T. SubidoaPostmodern Inclinations: The Poetry of Frank Climatu c2011bDiliman Review avol. 58 no. 1-4 xPOETRY uhttp://journals.upd.edu.ph/index.php/dilimanreview/issue/view/513/showToc